Norris Trophy Winners for top NHL Defensive Player - Statistics

General Stats
  • This quiz has been taken 954 times
  • The average score is 29 of 59
Answer Stats
Hint Answer % Correct
2011 Nicklas Lidstrom
85%
2008 Nicklas Lidstrom
85%
2007 Nicklas Lidstrom
85%
2006 Nicklas Lidstrom
85%
2003 Nicklas Lidstrom
85%
2002 Nicklas Lidstrom
85%
2001 Nicklas Lidstrom
85%
1975 Bobby Orr
71%
1974 Bobby Orr
71%
1973 Bobby Orr
71%
1972 Bobby Orr
71%
1971 Bobby Orr
71%
1970 Bobby Orr
71%
1969 Bobby Orr
71%
1968 Bobby Orr
71%
2009 Zdeno Chara
68%
2000 Chris Pronger
63%
2012 Erik Karlsson
63%
2010 Duncan Keith
60%
1994 Ray Bourque
60%
1991 Ray Bourque
60%
1990 Ray Bourque
60%
1988 Ray Bourque
60%
1987 Ray Bourque
60%
1995 Paul Coffey
57%
1986 Paul Coffey
57%
1985 Paul Coffey
57%
2004 Scott Niedermayer
53%
1999 Al MacInnis
48%
1996 Chris Chelios
45%
1993 Chris Chelios
45%
1989 Chris Chelios
45%
1979 Dennis Potvin
43%
1978 Dennis Potvin
43%
1976 Dennis Potvin
43%
1980 Larry Robinson
42%
1977 Larry Robinson
42%
1997 Brian Leetch
41%
1992 Brian Leetch
41%
1998 Rob Blake
37%
1962 Doug Harvey
33%
1961 Doug Harvey
33%
1960 Doug Harvey
33%
1958 Doug Harvey
33%
1957 Doug Harvey
33%
1956 Doug Harvey
33%
1955 Doug Harvey
33%
2005 Lockout Lockout
22%
1984 Rod Langway
22%
1983 Rod Langway
22%
1965 Pierre Pilote
19%
1964 Pierre Pilote
19%
1963 Pierre Pilote
19%
1982 Doug Wilson
18%
1981 Randy Carlyle
17%
1954 Red Kelly
16%
1967 Harry Howell
13%
1959 Tom Johnson
13%
1966 Jacques Laperriere
11%
No matching quizzes found
Score Distribution
Percent of People with Each Score
Percentile by Number Answered
Your Score History
You have not taken this quiz